[Event "DVM U12 2013"]
[Site "Lichtenfels-Schney GER"]
[Date "2013.12.30"]
[Round "7"]
[White "Engel, Luis"]
[Black "Nguyen, Anh Van"]
[Result "1/2-1/2"]
[Termination "normal"]
[Board "1.1"]
[WhiteElo "1852"]
[BlackElo "1610"]
[WhiteTeam "Hamburger SK"]
[BlackTeam "USV Potsdam"]
[WhiteFideId "12961523"]
[BlackFideId "12908223"]
[EventCountry "GER"]
[EventRounds "7"]
[EventType "team-swiss"]
[EventDate "2013.12.26"]

1. e4 c6 2. d4 d5 3. Nd2 dxe4 4. Nxe4 Nd7 5. Ng5 Ngf6 6. Bd3 e6 7. N1f3 Bd6 8.
Qe2 Qe7 9. O-O O-O 10. b3 h6 11. Ne4 Nxe4 12. Qxe4 Nf6 13. Qe2 Bd7 14. Bb2 Rac8
15. c4 Rfe8 16. Ne5 c5 17. Rad1 Bc6 18. Bb1 b6 19. Nxc6 Rxc6 20. Qc2 Rcc8 21.
dxc5 Bxc5 22. Bxf6 Qxf6 23. Qh7+ Kf8 24. Rd7 g6 25. Qxh6+ Kg8 26. h4 Rcd8 27.
Rxa7 Bxf2+ 28. Rxf2 Rd1+ 29. Kh2 Qxf2 30. Bxg6 Qg1+ 1/2-1/2

[Event "DVM U12 2013"]
[Site "Lichtenfels-Schney GER"]
[Date "2013.12.30"]
[Round "7"]
[White "Shevelko, Alexander"]
[Black "Meyling, Lennart"]
[Result "1-0"]
[Termination "normal"]
[Board "1.2"]
[WhiteElo "1556"]
[BlackElo "1716"]
[WhiteTeam "USV Potsdam"]
[BlackTeam "Hamburger SK"]
[WhiteFideId "12952125"]
[BlackFideId "12947130"]
[EventCountry "GER"]
[EventRounds "7"]
[EventType "team-swiss"]
[EventDate "2013.12.26"]

1. e4 e5 2. Nf3 d6 3. d4 exd4 4. Qxd4 Nc6 5. Bb5 Bd7 6. Bxc6 bxc6 7. c4 Nf6 8.
Nc3 g6 9. O-O Bg7 10. c5 dxc5 11. Qxc5 { wegen regelwidrigen Zug O-O nicht
weiter rekonstruierbar} 1-0

[Event "DVM U12 2013"]
[Site "Lichtenfels-Schney GER"]
[Date "2013.12.30"]
[Round "7"]
[White "Holinka, Henning"]
[Black "Röhr, Tobias"]
[Result "1-0"]
[Termination "normal"]
[Board "1.3"]
[WhiteElo "1583"]
[BlackElo "1552"]
[WhiteTeam "Hamburger SK"]
[BlackTeam "USV Potsdam"]
[WhiteFideId "12967084"]
[BlackFideId "12963089"]
[EventCountry "GER"]
[EventRounds "7"]
[EventType "team-swiss"]
[EventDate "2013.12.26"]

1. e4 e5 2. Nf3 Nc6 3. d4 exd4 4. Bc4 Nf6 5. O-O Bc5 6. Bg5 h6 7. Bxf6 Qxf6 8.
e5 Nxe5 9. Nxe5 O-O 10. Bxf7+ Rxf7 11. Nxf7 Qxf7 12. Nd2 b6 13. Nb3 Ba6 14. Re1
Bb4 15. Re4 Rf8 16. Qxd4 c5 17. Qe3 c4 18. Nd4 Bb7 19. Rg4 h5 20. Rg3 c3 21.
bxc3 Bxc3 22. Rf1 Qf6 23. Nf5 Bb4 24. Qb3+ d5 25. Rxg7+ Kh8 26. Rxb7 Bc5 27.
Qg3 Rg8 28. Qf3 Rg5 29. Nh4 Qd4 30. Ng6+ Kg8 31. Qf7# 1-0

[Event "DVM U12 2013"]
[Site "Lichtenfels-Schney GER"]
[Date "2013.12.30"]
[Round "7"]
[White "Hausdorf, Lars"]
[Black "Fuhrmann, Äke"]
[Result "1-0"]
[Termination "normal"]
[Board "1.4"]
[WhiteElo "1344"]
[BlackElo "1423"]
[WhiteTeam "USV Potsdam"]
[BlackTeam "Hamburger SK"]
[WhiteFideId "16200390"]
[BlackFideId "12983853"]
[EventCountry "GER"]
[EventRounds "7"]
[EventType "team-swiss"]
[EventDate "2013.12.26"]

1. e4 d6 2. d4 Nf6 3. Nc3 g6 4. f4 Bg7 5. e5 dxe5 6. dxe5 Qxd1+ 7. Kxd1 Nfd7 8.
Be3 O-O 9. Nf3 Nc6 10. g4 f6 11. Bc4+ Kh8 12. e6 Nb6 13. Bb3 Na5 14. f5 Nxb3
15. axb3 Rd8+ 16. Ke2 Nd5 17. Nxd5 Rxd5 18. Rad1 Rxd1 19. Rxd1 b6 20. Rd8+ Bf8
21. Rxf8+ Kg7 22. Rf7+ Kg8 23. Rxe7 Ba6+ 24. c4 b5 25. Rxc7 bxc4 26. bxc4 Rc8
27. Rxc8+ Bxc8 28. Bxa7 gxf5 29. gxf5 Kf8 30. Kd3 Ke7 31. Nd4 h5 32. b4 h4 33.
b5 h3 34. c5 Bb7 35. c6 Bc8 36. Bc5+ Kd8 37. b6 Ba6+ 38. Kc3 Kc8 39. e7 Bb7 40.
e8=Q# 1-0

[Event "DVM U12 2013"]
[Site "Lichtenfels-Schney GER"]
[Date "2013.12.30"]
[Round "7"]
[White "Wiesner, Alexander"]
[Black "Biastoch, Bennet"]
[Result "1/2-1/2"]
[Termination "normal"]
[Board "2.1"]
[WhiteElo "1728"]
[BlackElo "1713"]
[WhiteTeam "Karlsruher SF 1853"]
[BlackTeam "SG Aufbau Elbe Magdeburg"]
[WhiteFideId "12943991"]
[BlackFideId "12939889"]
[EventCountry "GER"]
[EventRounds "7"]
[EventType "team-swiss"]
[EventDate "2013.12.26"]

1. e4 c5 2. Nf3 d6 3. d4 cxd4 4. Nxd4 Nf6 5. Nc3 a6 6. a4 e5 7. Nf3 Be6 8. Be2
Qc7 9. O-O Be7 10. b3 O-O 11. Bg5 Re8 12. Qd2 Nbd7 13. Nd5 Bxd5 14. exd5 Ne4
15. Qe3 Nxg5 16. Nxg5 Bxg5 17. Qxg5 Qxc2 18. Bh5 Qe4 19. f4 Qd4+ 20. Kh1 e4 21.
Rac1 Qb6 22. Rc3 e3 23. Rc2 Nf6 24. Rfc1 Nxh5 1/2-1/2

[Event "DVM U12 2013"]
[Site "Lichtenfels-Schney GER"]
[Date "2013.12.30"]
[Round "7"]
[White "Roseneck, Jonas"]
[Black "Koll, Lukas"]
[Result "1-0"]
[Termination "normal"]
[Board "2.2"]
[WhiteElo "1744"]
[BlackElo "1602"]
[WhiteTeam "SG Aufbau Elbe Magdeburg"]
[BlackTeam "Karlsruher SF 1853"]
[WhiteFideId "12939870"]
[BlackFideId "12969737"]
[EventCountry "GER"]
[EventRounds "7"]
[EventType "team-swiss"]
[EventDate "2013.12.26"]

1. e4 e5 2. Nf3 Nc6 3. Bc4 Bc5 4. c3 Nf6 5. d4 exd4 6. cxd4 Bb4+ 7. Nc3 Nxe4 8.
O-O Bxc3 9. d5 Bf6 10. Re1 Ne7 11. Rxe4 d6 12. Bg5 Bxg5 13. Nxg5 h6 14. Qe2
hxg5 15. Re1 Be6 16. dxe6 f6 17. Re3 Kf8 18. Qd3 g6 19. Rf3 Kg7 20. Rxf6 Rf8
21. Rxf8 Qxf8 22. Re3 Qf5 23. Rf3 Qxd3 24. Rf7+ Kh6 25. Bxd3 Re8 26. g3 a6 27.
Kg2 c5 28. Kf3 b5 29. Kg4 Nf5 30. Bxf5 gxf5+ 31. Kxf5 d5 32. e7 d4 33. Ke6 d3
34. Rf5 c4 35. Kd7 Rxe7+ 36. Kxe7 b4 37. Rd5 c3 38. bxc3 1-0

[Event "DVM U12 2013"]
[Site "Lichtenfels-Schney GER"]
[Date "2013.12.30"]
[Round "7"]
[White "Koll, Linus"]
[Black "Niemann, Alexander"]
[Result "1/2-1/2"]
[Termination "normal"]
[Board "2.3"]
[WhiteElo "1210"]
[BlackElo "1637"]
[WhiteTeam "Karlsruher SF 1853"]
[BlackTeam "SG Aufbau Elbe Magdeburg"]
[WhiteFideId "12990299"]
[BlackFideId "12939862"]
[EventCountry "GER"]
[EventRounds "7"]
[EventType "team-swiss"]
[EventDate "2013.12.26"]

1. e4 c5 2. c3 d5 3. exd5 Qxd5 4. c4 Qd8 5. Nc3 Nc6 6. d3 Nf6 7. Be3 e5 8. Qd2
Bf5 9. Nge2 Bxd3 10. Ng3 Bxf1 11. Nxf1 Nb4 12. O-O-O Qa5 13. a4 Be7 14. Ng3 Rd8
15. Qe2 O-O 16. Nf5 Rxd1+ 17. Rxd1 Bd8 18. b3 e4 19. Bd2 Nd3+ 20. Kb1 Qb6 21.
Ka2 Nb4+ 22. Kb1 Qe6 23. Ne3 b5 24. cxb5 a6 25. Nc4 axb5 26. Nxb5 Be7 27. Bxb4
cxb4 28. Ka2 1/2-1/2

[Event "DVM U12 2013"]
[Site "Lichtenfels-Schney GER"]
[Date "2013.12.30"]
[Round "7"]
[White "Cejda, Cecilia"]
[Black "Chernykh, Arkady"]
[Result "0-1"]
[Termination "normal"]
[Board "2.4"]
[WhiteElo "1552"]
[BlackElo "1205"]
[WhiteTeam "SG Aufbau Elbe Magdeburg"]
[BlackTeam "Karlsruher SF 1853"]
[WhiteFideId "12921122"]
[BlackFideId "12989436"]
[EventCountry "GER"]
[EventRounds "7"]
[EventType "team-swiss"]
[EventDate "2013.12.26"]

1. e4 e5 2. Nf3 Nc6 3. d4 exd4 4. Nxd4 Bc5 5. Nb3 Bb6 6. Nc3 Nge7 7. Bg5 O-O 8.
Qg4 Ne5 9. Qg3 N5g6 10. Bc4 h6 11. Bd2 d6 12. O-O-O Be6 13. Bd3 f5 14. exf5
Bxf5 15. Bxf5 Rxf5 16. f3 Kh7 17. h4 Qe8 18. Qh2 Nf4 19. Bxf4 Rxf4 20. Qg3 Be3+
21. Kb1 Nf5 22. Qe1 Bb6 23. Qxe8 Rxe8 24. h5 Ne3 25. Rde1 Rff8 26. Rh2 Nf5 27.
Rxe8 Rxe8 28. a3 Re1+ 29. Ka2 Ne3 30. g4 c6 31. Ne4 d5 32. Nd6 Bc7 33. Rd2 Bxd6
34. Nd4 Rd1 35. Rxd1 Nxd1 36. Nf5 Bf8 37. Kb3 g6 38. hxg6+ Kxg6 39. Nh4+ Kg5
40. Ng2 Bc5 41. c4 Ne3 42. Nxe3 Bxe3 43. cxd5 cxd5 0-1

[Event "DVM U12 2013"]
[Site "Lichtenfels-Schney GER"]
[Date "2013.12.30"]
[Round "7"]
[White "Daoud, Marcel"]
[Black "Schnabel, Bennett"]
[Result "1/2-1/2"]
[Termination "normal"]
[Board "3.1"]
[WhiteElo "1638"]
[BlackElo "1709"]
[WhiteTeam "SK Freising"]
[BlackTeam "Treptower SV 1949"]
[WhiteFideId "12994774"]
[BlackFideId "12943290"]
[EventCountry "GER"]
[EventRounds "7"]
[EventType "team-swiss"]
[EventDate "2013.12.26"]

1. e4 c5 2. Nc3 g6 3. f4 Bg7 4. Nf3 Nc6 5. Bb5 Nd4 6. O-O Nxb5 7. Nxb5 d5 8.
exd5 a6 9. Nc3 Nf6 10. Kh1 O-O 11. d3 Nxd5 12. Nxd5 Qxd5 13. Qe2 Re8 14. Ne5 b5
15. Bd2 Bb7 16. Rf2 Rad8 17. Rb1 Qxa2 18. Qf1 Qd5 19. Ng4 f5 20. Ne3 Qd6 21.
Qe1 e5 1/2-1/2

[Event "DVM U12 2013"]
[Site "Lichtenfels-Schney GER"]
[Date "2013.12.30"]
[Round "7"]
[White "Petersen, Marcel"]
[Black "Wachtel, Arthur"]
[Result "0-1"]
[Termination "normal"]
[Board "3.2"]
[WhiteElo "1581"]
[BlackElo "1434"]
[WhiteTeam "Treptower SV 1949"]
[BlackTeam "SK Freising"]
[WhiteFideId "12935670"]
[BlackFideId "12988510"]
[EventCountry "GER"]
[EventRounds "7"]
[EventType "team-swiss"]
[EventDate "2013.12.26"]

1. e4 e6 2. d4 d5 3. e5 c5 4. c3 Nc6 5. Nf3 Nh6 6. Be2 f6 7. Na3 cxd4 8. cxd4
Bb4+ 9. Bd2 Bxd2+ 10. Qxd2 O-O 11. O-O fxe5 12. Nxe5 Nxe5 13. dxe5 Bd7 14. Nc2
Rf7 15. Nd4 Nf5 16. Rac1 Qb6 17. Rfd1 Raf8 18. Bf3 Nh4 19. Rc3 Ng6 20. Re1 Rf4
21. Nb3 Bc6 22. Rd3 Nh4 23. Nd4 Nxf3+ 24. Nxf3 d4 25. Qc1 Bxf3 26. gxf3 Qd8 27.
Qc4 Qg5+ 28. Kf1 Qf5 29. Qb3 Rxf3 30. Rxf3 Qxf3 31. Qxf3 Rxf3 32. Rc1 h6 33.
Rc7 Rf7 34. Rc8+ Rf8 35. Rc4 Rf5 36. Rxd4 Rxe5 37. Rd8+ Kh7 38. Rd7 Rb5 39. b3
Kg6 40. Ke2 Kf6 41. Ke3 g5 42. Kd4 Ra5 43. a4 b5 44. Kc5 bxa4+ 45. Kb4 Rd5 46.
Rxd5 exd5 47. bxa4 d4 48. Kc4 Ke5 49. f3 h5 50. h3 h4 51. a5 a6 52. Kd3 Kd5 53.
Kd2 Kc4 54. Ke2 Kc3 55. f4 gxf4 56. Kf3 d3 57. Kxf4 d2 58. Kg4 d1=Q+ 59. Kxh4
Qg1 60. Kh5 Kd4 61. h4 Ke5 62. Kh6 Kf6 63. h5 Qg7# 0-1

[Event "DVM U12 2013"]
[Site "Lichtenfels-Schney GER"]
[Date "2013.12.30"]
[Round "7"]
[White "Stockter, Jasper Enno"]
[Black "Seidenberger, Florian"]
[Result "1-0"]
[Termination "normal"]
[Board "3.4"]
[WhiteElo "1337"]
[BlackElo "810"]
[WhiteTeam "Treptower SV 1949"]
[BlackTeam "SK Freising"]
[WhiteFideId "12957291"]
[EventCountry "GER"]
[EventRounds "7"]
[EventType "team-swiss"]
[EventDate "2013.12.26"]

1. e4 e6 2. Nc3 d5 3. Qf3 Nf6 4. b3 Bb4 5. Bb2 O-O 6. O-O-O Nc6 7. exd5 exd5 8.
h3 Re8 9. Bb5 Bd7 10. Nxd5 Ne5 11. Nxf6+ gxf6 12. Qg3+ Kh8 13. Bxd7 Qxd7 14.
Qf4 Ba5 15. Qxf6+ Kg8 16. Bxe5 Kf8 17. Qg7+ Ke7 18. Qg5+ Ke6 19. Qf6+ Kd5 20.
d4 Re6 21. c4+ Kc6 22. d5+ Kc5 23. dxe6 1-0

[Event "DVM U12 2013"]
[Site "Lichtenfels-Schney GER"]
[Date "2013.12.30"]
[Round "7"]
[White "Irkilmez, Yakub"]
[Black "Garbuz, Vitaliy"]
[Result "1/2-1/2"]
[Termination "normal"]
[Board "4.1"]
[WhiteElo "1542"]
[BlackElo "1555"]
[WhiteTeam "SK Blauer Springer Paderborn"]
[BlackTeam "SF Dortmund-Brackel 1930"]
[WhiteFideId "16204581"]
[BlackFideId "12990710"]
[EventCountry "GER"]
[EventRounds "7"]
[EventType "team-swiss"]
[EventDate "2013.12.26"]

1. d4 Nf6 2. c4 c5 3. d5 b5 4. cxb5 a6 5. bxa6 Bxa6 6. Nc3 d6 7. e4 Bxf1 8.
Kxf1 g6 9. Nf3 Nbd7 10. g3 Bg7 11. Kg2 O-O 12. Qe2 Qb6 13. Nb5 Rfb8 14. a4 Ne8
15. Bg5 Kf8 16. Ra2 Nc7 17. Nxc7 Qxc7 18. Rb1 Rb4 19. b3 c4 20. Rc2 c3 21. Qe3
Nc5 22. Bh6 Nxe4 23. Bxg7+ Kxg7 24. Nd4 Qc5 25. Qxe4 Rxd4 26. Qf3 Rxd5 27. Rxc3
1/2-1/2

[Event "DVM U12 2013"]
[Site "Lichtenfels-Schney GER"]
[Date "2013.12.30"]
[Round "7"]
[White "Kartsev, Nikolaj"]
[Black "Kesselmeier, Kevin"]
[Result "0-1"]
[Termination "normal"]
[Board "4.2"]
[WhiteElo "1581"]
[BlackElo "1372"]
[WhiteTeam "SF Dortmund-Brackel 1930"]
[BlackTeam "SK Blauer Springer Paderborn"]
[WhiteFideId "12939536"]
[BlackFideId "16217551"]
[EventCountry "GER"]
[EventRounds "7"]
[EventType "team-swiss"]
[EventDate "2013.12.26"]

1. Nf3 Nf6 2. g3 g6 3. Bg2 Bg7 4. d3 d5 5. O-O O-O 6. Nbd2 c5 7. c4 e6 8. e4
Nc6 9. Ne1 d4 10. f4 e5 11. Ndf3 h6 12. fxe5 Ng4 13. a3 Ngxe5 14. Nxe5 Nxe5 15.
h3 Qe7 16. Rb1 a5 17. Nc2 f5 18. Kh2 Kh7 19. b4 fxe4 20. Bxe4 Nxc4 21. Bxg6+
Kxg6 22. dxc4 Rxf1 23. Qxf1 Bf5 24. Qd1 Re8 25. Kg1 Qe2 26. Qxe2 Rxe2 27. Rb2
d3 28. Ra2 d2 29. Bxd2 Rxd2 0-1

[Event "DVM U12 2013"]
[Site "Lichtenfels-Schney GER"]
[Date "2013.12.30"]
[Round "7"]
[White "Schlangenotto, Niklas"]
[Black "Salem Elier, Ali"]
[Result "1-0"]
[Termination "normal"]
[Board "4.3"]
[WhiteElo "1417"]
[BlackElo "1206"]
[WhiteTeam "SK Blauer Springer Paderborn"]
[BlackTeam "SF Dortmund-Brackel 1930"]
[WhiteFideId "16217560"]
[BlackFideId "16217543"]
[EventCountry "GER"]
[EventRounds "7"]
[EventType "team-swiss"]
[EventDate "2013.12.26"]

1. d4 Nf6 2. Nc3 g6 3. e4 d6 4. f4 Bg7 5. Nf3 O-O 6. Bc4 c5 7. d5 e6 8. e5 Ne8
9. O-O exd5 10. Nxd5 dxe5 11. fxe5 Bg4 12. Bg5 Bxf3 13. Bxd8 Bxd1 14. Raxd1
Bxe5 15. Be7 Bg7 16. Bxf8 Bxf8 17. Nf6+ Nxf6 18. Rxf6 1-0

[Event "DVM U12 2013"]
[Site "Lichtenfels-Schney GER"]
[Date "2013.12.30"]
[Round "7"]
[White "Riede, Niklas"]
[Black "Wanke, Mathis"]
[Result "0-1"]
[Termination "normal"]
[Board "4.4"]
[WhiteElo "1081"]
[BlackElo "1326"]
[WhiteTeam "SF Dortmund-Brackel 1930"]
[BlackTeam "SK Blauer Springer Paderborn"]
[BlackFideId "16217578"]
[EventCountry "GER"]
[EventRounds "7"]
[EventType "team-swiss"]
[EventDate "2013.12.26"]

1. e4 c5 2. Nf3 d6 3. c3 d5 4. d3 Bg4 5. e5 e6 6. h3 Bh5 7. Be2 Nc6 8. d4 cxd4
9. Nxd4 Bxe2 10. Kxe2 Bc5 11. Re1 Nge7 12. Kf1 h6 13. Be3 Nxd4 14. Bxd4 Qb6 15.
b4 Bxd4 16. Qxd4 Qxd4 17. cxd4 Nc6 18. Rd1 Nxb4 19. Na3 Nc6 20. Nb5 O-O 21.
Rac1 Na5 22. Nd6 b6 23. g4 a6 24. Rc2 b5 25. Rb1 Nc4 26. Nxc4 dxc4 27. f4 Rfd8
28. Rd1 Rd5 29. Ke2 Rad8 30. Ke3 f6 31. Ke4 Kf7 32. f5 fxe5 33. fxe6+ Kxe6 34.
h4 Rxd4+ 0-1

[Event "DVM U12 2013"]
[Site "Lichtenfels-Schney GER"]
[Date "2013.12.30"]
[Round "7"]
[White "Dathe, Frederick"]
[Black "Kölz, Niklas"]
[Result "1/2-1/2"]
[Termination "normal"]
[Board "5.1"]
[WhiteElo "1521"]
[BlackElo "1719"]
[WhiteTeam "Schachunion Berlin"]
[BlackTeam "Märkischer Springer Halver-Schalksmühle"]
[WhiteFideId "12963070"]
[BlackFideId "12971758"]
[EventCountry "GER"]
[EventRounds "7"]
[EventType "team-swiss"]
[EventDate "2013.12.26"]

1. d4 Nf6 2. c4 e6 3. Nc3 Bb4 4. Bd2 Bxc3 5. Bxc3 b6 6. Nf3 Bb7 7. e3 O-O 8.
Bd3 d6 9. O-O Nbd7 10. Rc1 Re8 11. Re1 e5 12. Bb1 Ne4 13. Nd2 Nxc3 14. Rxc3 Re6
15. d5 Rh6 16. Qg4 Nf6 17. Qf3 Bc8 18. Bf5 Bxf5 19. Qxf5 Rh5 20. Qf3 Qd7 21. e4
Rh6 22. Qf5 Qxf5 23. exf5 Nd7 24. h3 g6 25. Rf3 gxf5 26. Rxf5 Rg6 1/2-1/2

[Event "DVM U12 2013"]
[Site "Lichtenfels-Schney GER"]
[Date "2013.12.30"]
[Round "7"]
[White "Sauer, Jakob"]
[Black "Hardt, Silas"]
[Result "0-1"]
[Termination "normal"]
[Board "5.3"]
[WhiteElo "1357"]
[BlackElo "1305"]
[WhiteTeam "Schachunion Berlin"]
[BlackTeam "Märkischer Springer Halver-Schalksmühle"]
[WhiteFideId "16211707"]
[BlackFideId "16200667"]
[EventCountry "GER"]
[EventRounds "7"]
[EventType "team-swiss"]
[EventDate "2013.12.26"]

1. e4 c5 2. Nf3 d6 3. d4 cxd4 4. Nxd4 Nf6 5. Nc3 a6 6. Bc4 e6 7. Bg5 Be7 8. O-O
O-O 9. Nf3 Nbd7 10. Re1 Qc7 11. Bf1 b5 12. Ne2 Bb7 13. Ng3 Rfe8 14. Bd3 Nc5 15.
e5 Nxd3 16. cxd3 dxe5 17. Nxe5 Rad8 18. Rc1 Qd6 19. f3 Qd4+ 20. Kh1 Qxb2 21.
Rc2 Qd4 22. Rd2 Bb4 23. Rc2 Bxe1 24. Qxe1 Rc8 25. Qc1 Rxc2 26. Qxc2 Qxe5 0-1

[Event "DVM U12 2013"]
[Site "Lichtenfels-Schney GER"]
[Date "2013.12.30"]
[Round "7"]
[White "Browning, Rebecca"]
[Black "Kalina, Joshua"]
[Result "1-0"]
[Termination "normal"]
[Board "5.4"]
[WhiteElo "1090"]
[BlackElo "1111"]
[WhiteTeam "Märkischer Springer Halver-Schalksmühle"]
[BlackTeam "Schachunion Berlin"]
[WhiteFideId "12984027"]
[EventCountry "GER"]
[EventRounds "7"]
[EventType "team-swiss"]
[EventDate "2013.12.26"]

1. e4 c5 2. Nf3 a6 3. c3 Nc6 4. d4 cxd4 5. cxd4 e6 6. Nc3 Bb4 7. Bd3 Nf6 8. O-O
d5 9. e5 Nd7 10. a3 Be7 11. Bc2 Nf8 12. Ne2 Qd7 13. Nd2 Bd8 14. f4 Ne7 15. Ng3
Nf5 16. Nxf5 exf5 17. a4 Bb6 18. Nf3 Qd8 19. Be3 Ng6 20. Qb1 Ne7 21. Rd1 O-O
22. Ra3 f6 23. Rad3 Nc6 24. R3d2 g6 25. Bf2 Qd7 26. Kh1 Bd8 27. Bb3 Qf7 28. Qc1
Be6 29. Qc5 Be7 30. Qb6 Rab8 31. exf6 Bxf6 32. Ne5 Bxe5 33. dxe5 Rfd8 34. Qc5
Ne7 35. Bh4 Rd7 36. Bxe7 Qxe7 37. Qxe7 Rxe7 38. Bxd5 Bxd5 39. Rxd5 Kf7 40. Rc1
Re6 41. Kg1 Rc6 42. Rcd1 Re8 43. Kf2 Rc2+ 44. R1d2 Rc4 45. b3 Rxf4+ 46. Kg3
1/2-1/2

[Event "DVM U12 2013"]
[Site "Lichtenfels-Schney GER"]
[Date "2013.12.30"]
[Round "7"]
[White "Hofmann, Rares"]
[Black "Grimm, Ling Leander"]
[Result "1-0"]
[Termination "normal"]
[Board "6.1"]
[WhiteElo "1789"]
[BlackElo "1519"]
[WhiteTeam "TuS Coswig 1920"]
[BlackTeam "SK Bebenhausen"]
[WhiteFideId "12976440"]
[BlackFideId "12968277"]
[EventCountry "GER"]
[EventRounds "7"]
[EventType "team-swiss"]
[EventDate "2013.12.26"]

1. e4 c5 2. Nf3 Nc6 3. d4 cxd4 4. Nxd4 g6 5. Nc3 Bg7 6. Be3 Nf6 7. Nxc6 dxc6 8.
Qxd8+ Kxd8 9. O-O-O+ Kc7 10. Bf4+ Kb6 11. Na4+ Ka5 12. Rd4 Nd5 13. Bd2+ Nb4 14.
Bxb4+ 1-0

[Event "DVM U12 2013"]
[Site "Lichtenfels-Schney GER"]
[Date "2013.12.30"]
[Round "7"]
[White "Freiherr von Hauff, Christopher"]
[Black "Kunath, Tim"]
[Result "0-1"]
[Termination "normal"]
[Board "6.2"]
[WhiteElo "1388"]
[BlackElo "1552"]
[WhiteTeam "SK Bebenhausen"]
[BlackTeam "TuS Coswig 1920"]
[WhiteFideId "16200691"]
[BlackFideId "12985074"]
[EventCountry "GER"]
[EventRounds "7"]
[EventType "team-swiss"]
[EventDate "2013.12.26"]

1. e4 d5 2. exd5 Qxd5 3. Nc3 Qa5 4. d4 c6 5. Bc4 Nf6 6. Bd2 Bf5 7. Nge2 e6 8.
Ng3 Bg6 9. f4 Qc7 10. O-O Bd6 11. Bb3 O-O 12. Qf3 Nbd7 13. Rfe1 Rac8 14. Nce4
Bxe4 15. Nxe4 Nxe4 16. Qxe4 Nf6 17. Qf3 Rfd8 18. h3 c5 19. dxc5 Bxc5+ 20. Be3
Bxe3+ 21. Qxe3 Qa5 22. c3 Nd5 23. Qf3 Qb6+ 24. Kh1 Nf6 25. Red1 g6 26. Re1 Qc6
27. Qe3 a6 28. Re2 h5 29. a3 Nd7 30. Rc2 Nc5 31. Ba2 Rd3 32. Qe2 Rxh3+ 33. Kg1
Rd3 34. Rd1 Rcd8 35. Rxd3 Rxd3 36. Bb1 Qd6 37. Qf2 Rd1+ 38. Kh2 Rxb1 39. Rd2
Qe7 40. g3 Ne4 41. Qe3 Nxd2 42. Qxd2 Qc5 43. Kg2 Qd5+ 44. Qxd5 exd5 45. f5 gxf5
46. g4 fxg4 47. c4 dxc4 48. a4 Rxb2+ 49. Kg3 c3 50. a5 c2 { nicht weitr
rekonstruierbar} 0-1

[Event "DVM U12 2013"]
[Site "Lichtenfels-Schney GER"]
[Date "2013.12.30"]
[Round "7"]
[White "Dalchow, Jonas"]
[Black "Kowalski, Ben Wito"]
[Result "1/2-1/2"]
[Termination "normal"]
[Board "7.1"]
[WhiteElo "1443"]
[BlackElo "1721"]
[WhiteTeam "SC 1997 Lambsheim"]
[BlackTeam "Stader SV"]
[WhiteFideId "12971251"]
[BlackFideId "12956171"]
[EventCountry "GER"]
[EventRounds "7"]
[EventType "team-swiss"]
[EventDate "2013.12.26"]

1. e4 e6 2. d4 d5 3. exd5 exd5 4. Bd3 Bd6 5. Ne2 Ne7 6. Bf4 O-O 7. O-O Bf5 8.
Bxd6 Qxd6 9. Ng3 Bxd3 10. Qxd3 Nbc6 11. c3 Rfe8 12. Re1 Ng6 13. Nd2 Nf4 14. Qf3
Qf6 15. Nh5 Nxh5 16. Qxh5 Ne7 17. Nf3 g6 18. Qe5 Qxe5 19. Nxe5 Nf5 20. Kf1 Re6
21. Re2 Rae8 22. Rae1 Nd6 23. Nd7 Rxe2 24. Rxe2 Rxe2 25. Kxe2 Kg7 26. Nc5 Kf6
27. Kf3 h5 28. h3 Kg5 29. g3 c6 30. Kg2 Kf5 31. f3 b6 32. Nd3 Nc4 33. Kf2 g5
34. g4+ hxg4 35. hxg4+ Kf6 36. Kg3 a5 37. a3 Ne3 38. Kf2 Nc4 39. Kg3 Ke6 40.
Kf2 f5 41. Ke2 f4 42. Kd1 Kd6 43. Kc2 c5 44. a4 Ne3+ 45. Kd2 Nc4+ 46. Kc2 cxd4
47. cxd4 Ne3+ 48. Kd2 Nc4+ 49. Kc2 1/2-1/2

[Event "DVM U12 2013"]
[Site "Lichtenfels-Schney GER"]
[Date "2013.12.30"]
[Round "7"]
[White "Hammann, Moritz"]
[Black "Wacker, Andreas"]
[Result "0-1"]
[Termination "normal"]
[Board "7.2"]
[WhiteElo "1321"]
[BlackElo "1495"]
[WhiteTeam "Stader SV"]
[BlackTeam "SC 1997 Lambsheim"]
[WhiteFideId "12982040"]
[BlackFideId "12953083"]
[EventCountry "GER"]
[EventRounds "7"]
[EventType "team-swiss"]
[EventDate "2013.12.26"]

1. e4 e5 2. Nf3 Nc6 3. d4 exd4 4. Nxd4 Nf6 5. Nxc6 bxc6 6. Nc3 Bb4 7. Bd3 O-O
8. O-O d5 9. f3 Re8 10. exd5 cxd5 11. Bg5 c6 12. a3 Ba5 13. b4 Bb6+ 14. Kh1 Bd4
15. Bxh7+ Kxh7 16. Qxd4 Rh8 17. Rfe1 Bf5 18. Rac1 Qd6 19. Qe5 Qxe5 20. Rxe5 Be6
21. Bxf6 gxf6 22. Rh5+ Kg6 23. Rxh8 Rxh8 24. Ne2 Rh4 25. g3 Rc4 26. c3 a6 27.
h3 Kg5 28. Kg2 Bf5 29. h4+ Kh5 30. g4+ Bxg4 31. fxg4+ Rxg4+ 32. Ng3+ Kxh4 33.
Rh1+ Kg5 34. Rh5+ Kg6 35. Rf5 Rxg3+ 36. Kxg3 Kxf5 37. Kf3 Ke5 38. Ke3 f5 39.
Kd3 f4 40. a4 f6 41. Ke2 Ke4 42. Kf2 f3 0-1

[Event "DVM U12 2013"]
[Site "Lichtenfels-Schney GER"]
[Date "2013.12.30"]
[Round "7"]
[White "Hatko, Julian"]
[Black "Dalchow, Mario"]
[Result "0-1"]
[Termination "normal"]
[Board "7.4"]
[WhiteElo "961"]
[BlackElo "1061"]
[WhiteTeam "Stader SV"]
[BlackTeam "SC 1997 Lambsheim"]
[WhiteFideId "16210280"]
[BlackFideId "12971421"]
[EventCountry "GER"]
[EventRounds "7"]
[EventType "team-swiss"]
[EventDate "2013.12.26"]

1. d4 d5 2. c4 c6 3. Nc3 e6 4. Nf3 Nf6 5. Bg5 Be7 6. Bxf6 Bxf6 7. e3 Nd7 8. Bd3
O-O 9. O-O Qe7 10. Bc2 e5 11. dxe5 Bxe5 12. Qd3 g6 13. h4 Bxc3 14. bxc3 Ne5 15.
Nxe5 Qxe5 16. f3 Qe6 17. h5 Re8 18. Rae1 dxc4 19. Qd2 Qd5 20. Qf2 Qxh5 21. e4
Be6 22. Rd1 a6 23. Rd2 Rad8 24. Rfd1 Rxd2 25. Rxd2 Qa5 0-1

[Event "DVM U12 2013"]
[Site "Lichtenfels-Schney GER"]
[Date "2013.12.30"]
[Round "7"]
[White "Weimert, Miriam"]
[Black "Kühner, Tobias"]
[Result "0-1"]
[Termination "normal"]
[Board "8.1"]
[WhiteElo "1390"]
[BlackElo "1740"]
[WhiteTeam "SG Turm Leipzig"]
[BlackTeam "SK Bickenbach"]
[WhiteFideId "12966703"]
[BlackFideId "12973815"]
[EventCountry "GER"]
[EventRounds "7"]
[EventType "team-swiss"]
[EventDate "2013.12.26"]

1. e4 c5 2. d4 cxd4 3. c3 dxc3 4. Nxc3 d6 5. Bc4 Nc6 6. Nf3 e6 7. O-O Nf6 8.
Be3 Be7 9. Rc1 O-O 10. a3 a6 11. b4 b5 12. Bd3 Bb7 13. Qc2 Rc8 14. Rfd1 Qe8 15.
Qe2 Nd7 16. Ng5 h6 17. Nh3 Nce5 18. Bb1 Nc4 19. f4 Nxa3 20. Bd3 Nc4 21. Rf1 Bf6
22. Bd2 Nxd2 23. Qxd2 Nb6 24. Rf3 Bd4+ 25. Kh1 d5 26. e5 Bxc3 27. Rxc3 Rxc3 28.
Bh7+ Kxh7 29. Rxc3 Qd7 30. Qf2 Rc8 31. Rxc8 Nxc8 32. Qh4 Qe7 33. Qe1 Qc7 34.
Qb1+ Kg8 35. Qb2 Qc4 36. Qb1 d4 37. Nf2 Qe2 38. Qg1 Nb6 0-1